Countries That Span More Than One Continent - Statistics

General Stats
  • This quiz has been taken 39 times
  • The average score is 10 of 12
Answer Stats
Population Continents Answer % Correct
146 M Asia/Europe Russia
97%
65 M Europe/North America/South America/Oceania/Africa France
94%
242 M Asia/Oceania Indonesia
94%
88 M Asia/Europe Turkey
94%
68 M Europe/North America/South America/Asia United Kingdom
94%
48 M Europe/Africa Spain
89%
118 M Africa/Asia Egypt
86%
6 M Europe/North America Denmark
83%
4 M Asia/Europe Georgia
74%
18 M Europe/North America Netherlands
74%
19 M Asia/Europe Kazakhstan
66%
10 M Asia/Europe Azerbaijan
60%
No matching quizzes found
Score Distribution
Percent of People with Each Score
Percentile by Number Answered
Your Score History
You have not taken this quiz